| 000 | 01242nam0a22003011 4500 | ||
|---|---|---|---|
| 001 | rc\4880974 | ||
| 005 | 20130426150752.1 | ||
| 021 |
_aRU _b[63-27991] |
||
| 035 | _a(NLR Aleph) 008916338 | ||
| 090 |
_a8795993 _c8795993 |
||
| 100 | _a20130426d1963 |||y0rusy50 ca | ||
| 101 | 0 | _arus | |
| 102 | _aRU | ||
| 105 | _aa z ||||| | ||
| 200 | 1 |
_aСварка металлов с использованием жидкого горючего _fПод ред. канд. техн. наук А.Н. Шашкова _gВсесоюз. науч.-исслед. ин-т автогенной обработки металлов "ВНИИАвтоген" |
|
| 210 |
_aМосква _cМашгиз _d1963 |
||
| 215 |
_a88 с. _cил. _d20 |
||
| 225 | 1 |
_aБиблиотечка автогенщика _vВып. 7 |
|
| 300 | _aНа обл. авт. не указан | ||
| 606 |
_aТопливо жидкое _xПрименение в газопламенной обработке _2psbo |
||
| 606 |
_aГазовая сварка _2psbo |
||
| 700 | 1 |
_aНекрасов _bЮ. И. _gЮрий Иванович |
|
| 702 | 1 |
_aШашков _bА. Н. _4340 |
|
| 801 | 0 |
_aRU _bNLR _gpsbo |
|
| 801 | 1 |
_aRU _bELAR _2rusmarc |
|
| 852 |
_aNLR _j63-4/6376 |
||
| 942 | _cBOOK | ||
| 980 | _aNB | ||